000
00236nam a2200097Ia 4500
008
170619s9999 xx 000 0 und d
100
_a
Chauhan- D S
245
0
_a
Non- Conventional Energy sources
260
_b
New Delhi:New Age
260
_c
2004
546
_a
ENGLISH
999
_c
17329
_d
17329